Mejora de la autoestima: técnicas para niños y adolescentes
Kaydedildi:
| Asıl Yazarlar: | , , |
|---|---|
| Materyal Türü: | Kitap |
| Dil: | İspanyolca |
| Baskı/Yayın Bilgisi: |
Barcelona
Martínez Roca
1996
|
| Seri Bilgileri: | Biblioteca de Psicología, Psiquiatría y Salud
|
| Konular: | |
| Etiketler: |
Etiketle
Etiket eklenmemiş, İlk siz ekleyin!
|
MARC
| LEADER | 00000nam a2200000 a 4500 | ||
|---|---|---|---|
| 001 | UCR0351 | ||
| 003 | CL-VaPUC | ||
| 008 | 971205e19960000SP |||||||||||||||||spa|d | ||
| 082 | 0 | 4 | |a 158.1 |b POP |2 21 |
| 100 | 0 | |a Pope, Alice W |e author |9 395905 | |
| 700 | 0 | |a McHale, Susan M |e author |9 395906 | |
| 700 | 0 | |a Craighead, W. Edward |e author |9 395907 | |
| 245 | 1 | 0 | |a Mejora de la autoestima: técnicas para niños y adolescentes |
| 300 | |a 160 p | ||
| 942 | |c BK | ||
| 945 | |d 19971205 00:00:00 |a jquezada | ||
| 260 | |a Barcelona |b Martínez Roca |c 1996 | ||
| 650 | 0 | |a Autoestima |9 308492 | |
| 650 | 0 | |a Aprendizaje |9 254827 | |
| 650 | 0 | |a Psicología social |9 222894 | |
| 650 | 0 | |a Autocontrol |9 395908 | |
| 650 | 7 | |a COMUNICACIONES INTERPERSONALES |2 CL-VaPUC |9 395909 | |
| 583 | |a last modification |c 19971205 00:00:00 |k Rodrigo Vera | ||
| 490 | 0 | |a Biblioteca de Psicología, Psiquiatría y Salud | |
| 999 | |c 263889 |d 263887 | ||
| 952 | |0 0 |1 0 |4 0 |6 158_100000000000000_POP_1996 |7 0 |8 A |9 293382 |a BIBEDU |b BIBEDU |d 2019-11-19 |i 3378411 |l 1 |o 158.1 POP 1996 |p 3378411 |r 2023-07-06 |s 2023-07-06 |w 2019-11-19 |y BK |k EFI | ||
| 952 | |0 0 |1 0 |4 0 |6 158_100000000000000_POP_1996 |7 0 |8 A |9 293383 |a BIBEDU |b BIBEDU |d 2019-11-19 |i 3378470 |o 158.1 POP 1996 |p 3378470 |r 2019-11-19 |w 2019-11-19 |y BK |k PSI | ||
| 952 | |0 0 |1 0 |4 0 |6 158_100000000000000_POP_1996 |7 0 |8 A |9 293384 |a BIBEDU |b BIBEDU |d 2019-11-19 |i 3467686 |o 158.1 POP 1996 |p 3467686 |r 2019-11-19 |w 2019-11-19 |y BK |k PSI | ||
| 952 | |0 0 |1 0 |4 0 |6 158_100000000000000_POP_1996 |7 0 |8 A |9 293385 |a BIBEDU |b BIBEDU |d 2019-11-19 |i 3660605 |l 1 |o 158.1 POP 1996 |p 3660605 |r 2023-07-06 |s 2023-07-06 |w 2019-11-19 |y BK |k BME | ||